| 000 | 00857nam a2200265Ia 4500 | ||
|---|---|---|---|
| 003 | OSt | ||
| 005 | 20251023103451.0 | ||
| 008 | 210716s2006 xx 000 0 und d | ||
| 020 | _a8126503416 | ||
| 040 | _cAIMIT LIBRARY | ||
| 041 | _aeng | ||
| 082 |
_a005.758 _bMCDK |
||
| 100 |
_aMcdonald, Kevin. _9242432 |
||
| 245 |
_aMastering the sap business information warehouse / _cBy Kevin McDonald ...[et.al.]. |
||
| 250 | _a1st ed. | ||
| 260 |
_aNew Delhi : _bWiley India , _c2006. |
||
| 300 |
_axx,513 p.; _bPB _c24.5 cm. |
||
| 650 |
_aOrigins of business intelligence _9242433 |
||
| 650 |
_aBusiness information warehouse architecture _9242434 |
||
| 650 |
_aUnderstanding business content _9242549 |
||
| 700 |
_aWilmsmeier, Andreas. _9242435 |
||
| 700 |
_aDixon, David C. _9242436 |
||
| 700 |
_aInmon, W.H. _9242437 |
||
| 942 |
_2ddc _cBK _k005.758 MCDK |
||
| 999 |
_c187716 _d187716 |
||